[Event "Prague Summer op-B 5th"]
[Site "Prague"]
[Date "2018.08.08"]
[Round "7"]
[White "Michel, Ladislav"]
[Black "Skielnik, Joseph J"]
[Result "0-1"]
[WhiteElo "1819"]
[BlackElo "1865"]
[PlyCount "94"]
[EventDate "2018.08.03"]
[EventType "swiss"]
[EventRounds "9"]
[EventCountry "CZE"]
[SourceTitle "CBM 186 Extra"]
[Source "ChessBase"]
[SourceDate "2018.08.24"]
[SourceVersion "1"]
[SourceVersionDate "2018.08.24"]
[SourceQuality "1"]

1. d4 Nf6 2. Bf4 d6 3. e3 g6 4. h3 Bg7 5. Nf3 0-0 6. Nbd2 Nfd7 7. Bg5 Qe8 8. c3 e5 9. dxe5 dxe5 10. Bc4 Nb6 11. Bb3 c5 12. e4 Nc6 13. Be3 Qe7 14. Nc4 Be6 15. Nxb6 axb6 16. Bd5 Na5 17. a3 Rfd8 18. Bg5 f6 19. Bh4 Bxd5 20. exd5 Qd6 21. b4 Nc4 22. Qb3 Qxd5 23. 0-0 Qf7 24. Rfe1 Rd3 25. Re4 Nd2 26. Qxf7+ Kxf7 27. Nxd2 Rxd2 28. Rc4 Bf8 29. f3 Rad8 30. Bf2 Rd1+ 31. Rxd1 Rxd1+ 32. Kh2 b5 33. Rh4 cxb4 34. cxb4 Kg7 35. Re4 Rd3 36. Re3 Rxe3 37. Bxe3 Kf7 38. Kg3 Ke6 39. Kf2 Kd5 40. Ke2 Kc4 41. Bc1 f5 42. g4 Bd6 43. Kd2 e4 44. Ke3 exf3 45. Kxf3 Kc3 46. Ke2 fxg4 47. hxg4 Kc2 0-1

[Event "Prague Summer op-B 5th"]
[Site "Prague"]
[Date "2018.08.07"]
[Round "6"]
[White "Skielnik, Joseph J"]
[Black "Aytmukhametov, Bulat"]
[Result "1/2-1/2"]
[WhiteElo "1865"]
[BlackElo "1000"]
[PlyCount "34"]
[EventDate "2018.08.03"]
[EventType "swiss"]
[EventRounds "9"]
[EventCountry "CZE"]
[SourceTitle "CBM 186 Extra"]
[Source "ChessBase"]
[SourceDate "2018.08.24"]
[SourceVersion "1"]
[SourceVersionDate "2018.08.24"]
[SourceQuality "1"]

1. d4 d5 2. Bf4 Nf6 3. e3 c5 4. Nf3 Nc6 5. Be2 Bf5 6. 0-0 cxd4 7. exd4 Qb6 8. Nc3 a6 9. Na4 Qd8 10. Nc5 b6 11. Nd3 e6 12. c3 Bd6 13. Bg3 Bxg3 14. hxg3 0-0 15. Nh4 Bg6 16. Nxg6 hxg6 17. Bf3 Na5 1/2-1/2

[Event "Olomouc Summer op Seniors 20th"]
[Site "Olomouc"]
[Date "2017.08.16"]
[Round "6"]
[White "Spanton, Timothy"]
[Black "Skielnik, Joseph J"]
[Result "1/2-1/2"]
[WhiteElo "1836"]
[BlackElo "1849"]
[PlyCount "103"]
[EventDate "2017.08.12"]
[EventType "swiss"]
[EventRounds "9"]
[EventCountry "CZE"]
[SourceTitle "CBM 180 Extra"]
[Source "ChessBase"]
[SourceDate "2017.10.06"]
[SourceVersion "1"]
[SourceVersionDate "2017.10.06"]
[SourceQuality "1"]

1. e4 c6 2. d4 d5 3. Nc3 dxe4 4. Nxe4 Nf6 5. Nxf6+ exf6 6. c3 Bf5 7. Bd3 Bxd3 8. Qxd3 Bd6 9. Qe4+ Kf8 10. Bf4 Na6 11. Ne2 Nc7 12. 0-0 Nd5 13. Bg3 g6 14. Rfe1 Kg7 15. Nf4 Nxf4 16. Bxf4 Bxf4 17. Qxf4 Qd7 18. Re3 Rae8 19. Rae1 Rxe3 20. Qxe3 Rd8 21. Qe7 b6 22. h3 a6 23. Qxd7 Rxd7 24. Re8 c5 25. dxc5 Rd1+ 26. Kh2 bxc5 27. Kg3 Rd2 28. Rb8 g5 29. Kf3 Kg6 30. a4 h5 31. Ke3 Rc2 32. a5 Kf5 33. Rb6 Ke5 34. Rxa6 Rxb2 35. Rc6 Rb5 36. a6 Ra5 37. Kd3 f5 38. Kc4 Kf4 39. Rxc5 Rxa6 40. Kb5 Ra2 41. g3+ Ke4 42. f4 g4 43. hxg4 hxg4 44. Re5+ Kf3 45. Rxf5 Kxg3 46. Rg5 Kf2 47. f5 g3 48. Rg7 g2 49. c4 g1Q 50. Rxg1 Kxg1 51. c5 Rf2 52. c6 1/2-1/2

[Event "BCF-ch U180"]
[Site "Aberystwyth"]
[Date "2014.07.21"]
[Round "1"]
[White "Horlock, Peter J"]
[Black "Skielnik, Joseph J"]
[Result "0-1"]
[WhiteElo "148"]
[BlackElo "169"]
[PlyCount "82"]
[EventDate "2014.07.21"]
[EventType "swiss"]
[EventRounds "5"]
[EventCountry "WLS"]
[SourceTitle "EXT 2017"]
[Source "ChessBase"]
[SourceDate "2016.10.25"]
[SourceVersion "1"]
[SourceVersionDate "2016.10.25"]
[SourceQuality "1"]

1. e4 c6 2. e5 d6 3. exd6 exd6 4. d4 d5 5. Nf3 Nf6 6. Bd3 Be7 7. 0-0 Bg4 8. Nbd2 Nbd7 9. c3 Bh5 10. Re1 0-0 11. Qc2 Bg6 12. h3 Bd6 13. Ne5 Bxd3 14. Qxd3 c5 15. Ndf3 cxd4 16. Bg5 Nxe5 17. Nxe5 dxc3 18. Bxf6 gxf6 19. Ng4 cxb2 20. Rab1 h5 21. Nh6+ Kg7 22. Nf5+ Kg8 23. Qf3 Re8 24. Rxe8+ Qxe8 25. Nxd6 Qe5 26. Nf5 Rc8 27. Ne7+ Qxe7 28. Qg3+ Kf8 29. Rxb2 b6 30. Rb1 d4 31. Qd3 Qe5 32. Qa3+ Kg7 33. Qxa7 d3 34. Qa6 Qc3 35. Rd1 Rc4 36. Rd2 Qxd2 37. Qxc4 Qe1+ 38. Kh2 d2 39. Qh4 d1Q 40. Qg3+ Kh7 41. Qa3 Qxf2 0-1

[Event "London Classic op-A U2000 5th"]
[Site "London"]
[Date "2013.12.09"]
[Round "1"]
[White "Scowen, Roger S"]
[Black "Skielnik, Joseph J"]
[Result "0-1"]
[WhiteElo "1938"]
[BlackElo "1781"]
[PlyCount "60"]
[EventDate "2013.12.09"]
[EventType "swiss"]
[EventRounds "5"]
[EventCountry "ENG"]
[SourceTitle "EXT 2016"]
[Source "ChessBase"]
[SourceDate "2015.10.08"]
[SourceVersion "1"]
[SourceVersionDate "2015.10.08"]
[SourceQuality "1"]

1. e4 c6 2. d4 d5 3. Nc3 g6 4. Bd3 Bg7 5. Nge2 dxe4 6. Bxe4 Nf6 7. Bf3 0-0 8. 0-0 Nbd7 9. Bf4 Nb6 10. Ne4 Nxe4 11. Bxe4 Nd5 12. Bg5 Nf6 13. Bf3 Be6 14. Nf4 Bf5 15. c3 h6 16. Bxf6 Bxf6 17. Re1 Qc7 18. Nd3 Rad8 19. Ne5 c5 20. Qb3 cxd4 21. Qxb7 Bxe5 22. Qxc7 Bxc7 23. Rxe7 Bb6 24. c4 Rfe8 25. Rae1 Rxe7 26. Rxe7 d3 27. Bd1 Kf8 28. Re5 Bd4 29. Ra5 Re8 30. Kf1 d2 0-1